000 00566nam a2200181Ia 4500
003 GCL
008 140319s9999 xx 000 0 ara d
040 _aGCL /
_cGCL
082 0 4 _a502
_bع ن
100 1 _aمحمد ممتاز الجندى
245 1 0 _aنعيش لنأكل أم نأكل لنعيش ? /
_cمحمد ممتاز الجندى
260 _a[S.N] :
_bالهيئة المصرية العامة للكتاب ،
_c1994
300 _a159 ص
490 _aالعلم والحياة
_v0
650 0 4 _aالغذاء
650 0 4 _aالصحة
942 _2ddc
_cBK
999 _c32566
_d32566